| 000 | 01048pam a2200325 a 4500 | ||
|---|---|---|---|
| 005 | 20260322212045.0 | ||
| 008 | data | ||
| 010 | _a 96029936 | ||
| 020 | _a0789201259 | ||
| 020 | _a9780789201256 | ||
| 040 |
_aDLC _cDLC _dDLC |
||
| 043 |
_aa-jo--- _af-ua--- _aa-jo--- |
||
| 050 | 0 | 0 |
_aDS108.5 _b.F63 1997 |
| 082 | 0 | 0 |
_a779/.99569 _221 |
| 092 | _a779.99 F63 1997 | ||
| 100 | 1 | _aFolberg, Neil. | |
| 245 | 1 | 0 |
_aIn a desert land : _bphotographs of Israel, Egypt, and Jordan / _cNeil Folberg. |
| 250 | _a2nd ed. | ||
| 260 |
_aNew York : _bAbbeville Press, _c1997. |
||
| 300 |
_a204 p. : _bcol. ill. ; _c32 cm. |
||
| 500 | _aIncludes index. | ||
| 651 | 0 |
_aIsrael _vPictorial works. |
|
| 651 | 0 |
_aEgypt _vPictorial works. |
|
| 651 | 0 |
_aJordan _vPictorial works. |
|
| 651 | 0 |
_aPalestine _vPictorial works. |
|
| 906 |
_a7 _bcbc _corignew _d1 _eocip _f19 _gy-gencatlg |
||
| 991 |
_bc-GenColl _hDS108.5 _i.F63 1997 _tCopy 1 _wBOOKS |
||
| 001 | data | ||
| 999 |
_c1060 _d1060 |
||